Increase of frictional force of rubber block by uniform contact pressure distribution and its application to tire (Record no. 61006)

MARC details
000 -LEADER
fixed length control field 00473nam a2200157Ia 4500
100 ## - MAIN ENTRY--AUTHOR NAME
Personal name Nakajima Y
245 #0 - TITLE STATEMENT
Title Increase of frictional force of rubber block by uniform contact pressure distribution and its application to tire
260 ## - PUBLICATION, DISTRIBUTION, ETC. (IMPRINT)
Name of publisher Rubber Chemistry and Technology
Year of publication 2002
300 ## - PHYSICAL DESCRIPTION
Number of Pages 589-604
650 ## - SUBJECT ADDED ENTRY--TOPICAL TERM
Topical Term Frictional force
650 ## - SUBJECT ADDED ENTRY--TOPICAL TERM
Topical Term Rubber block
650 ## - SUBJECT ADDED ENTRY--TOPICAL TERM
Topical Term Tire
700 ## - ADDED ENTRY--PERSONAL NAME
Personal name Takahashi F
942 ## - ADDED ENTRY ELEMENTS (KOHA)
Koha item type Journals
Holdings
Withdrawn status Lost status Damaged status Not for loan Home library Current library Shelving location Date acquired Serial Enumeration / chronology Koha item type
      Journals RRII Library RRII Library Rubber chemistry 01/01/2021 Volume 75, Issue 4 Journals